| 000 | 00550nam a2200181Ia 4500 | ||
|---|---|---|---|
| 005 | 20260415160334.0 | ||
| 008 | 008 250505s9999 xx 000 0 eng d | ||
| 037 | _aTextual | ||
| 040 |
_aFEDL _beng _cFEDL |
||
| 041 |
_aeng _2eng |
||
| 084 |
_a420.7 COM _qFEDL |
||
| 100 |
_aCompton J Ed. _9755747 |
||
| 245 | 0 | _aSpoken english : Its practice in schools and training colleges | |
| 260 |
_aLondon, UK _bMethuen and Company Limited _c1941 |
||
| 300 | _a229p. | ||
| 942 |
_cTEXL _h420.7 COM |
||
| 999 |
_c1321831 _d1321831 |
||